All Jorja Smith Songs - Statistics

General Stats
  • This quiz has been taken 144 times
    60 since last reset
  • The average score is 17 of 42
Answer Stats
Album Song % Correct
Lost & Found Blue Lights
93%
Spotify Singles Lost
67%
Lost & Found Don't Watch Me Cry
64%
Be Right Back Home
64%
Lost & Found The One
64%
Single #3 Be Honest
62%
Lost & Found Lost & Found
62%
Spotify Singles Teenage Fantasy
60%
Be Right Back Addicted
51%
Lost & Found Goodbyes
51%
Lost & Found Lifeboats (Freestyle)
51%
Single #7 Little Things
47%
Single On My Mind
47%
Project 11 Carry Me Home
44%
Project 11 Carry Me Home (Interlude)
44%
Lost & Found February 3rd
44%
Lost & Found Tomorrow
44%
Be Right Back Bussdown
42%
Single #2 Let Me Down
40%
Project 11 Something in the Way
40%
Lost & Found Where Did I Go?
40%
Be Right Back Burn
38%
Single #6 Try Me
38%
Black Panther: The Album I Am
33%
Lost & Found Wandering Romance
33%
Single #5 Come Over
31%
Be Right Back Gone
31%
Lost & Found On Your Own
31%
Be Right Back Digging
29%
Be Right Back Time
29%
Be Right Back Weekend
29%
Promo Single A Prince
27%
Single #8 GO GO GO
27%
Bluenote Reimagined Rose Rouge
27%
Project 11 So Lonely
27%
Promo Single #2 Beautiful Little Fools
24%
Single #4 By Any Means
24%
Single #9 Falling or flying
24%
Project 11 Imperfect Circle
24%
Not Waving, but Drowning Loose Ends
13%
Rapman Presents: Blue Story (Music Inspired by the Original Motion Picture) Make It Right
7%
A Shaun the Sheep Movie: Farmageddon (Original Motion Picture Soundtrack) I Can't Be My Old Self Forever
4%
No matching quizzes found
Score Distribution
Percent of People with Each Score
Percentile by Number Answered
Your Score History
You have not taken this quiz since the last reset